000 00453nam a2200145Ia 4500
008 240729s9999 xx 000 0 und d
022 _a3041-8828
245 0 _aInternational Journal of Education and Cognitive Sciences
260 _aIran, Islamic Republic of
260 _bMaher Talent and Intelligence Testing Institute
650 _aEducation
856 _uhttps://doaj.org/toc/98222a68b1544051be42e704e66cf7cc
942 _2ddc
942 _cDOAJEJ
999 _c66978
_d66978
945 _a1
_bMadushi Gamage
_c1
_dMadushi Gamage